Smart electronic materials : (Record no. 3639)

MARC details
000 -LEADER
fixed length control field 01392cam a22003737a 4500
001 - CONTROL NUMBER
control field 14439882
003 - CONTROL NUMBER IDENTIFIER
control field OSt
005 - DATE AND TIME OF LATEST TRANSACTION
control field 20160419164759.0
008 - FIXED-LENGTH DATA ELEMENTS--GENERAL INFORMATION
fixed length control field 060706s2005 enka b 001 0 eng d
010 ## - LIBRARY OF CONGRESS CONTROL NUMBER
LC control number 2006530758
015 ## - NATIONAL BIBLIOGRAPHY NUMBER
National bibliography number GBA524367
Source bnb
016 7# - NATIONAL BIBLIOGRAPHIC AGENCY CONTROL NUMBER
Record control number 013128921
Source Uk
020 ## - INTERNATIONAL STANDARD BOOK NUMBER
International Standard Book Number 0521850274
024 3# - OTHER STANDARD IDENTIFIER
Standard number or code 9780521850274
035 ## - SYSTEM CONTROL NUMBER
System control number (CStRLIN)CTYA6975071-B
035 ## - SYSTEM CONTROL NUMBER
System control number (CtY)6975071
040 ## - CATALOGING SOURCE
Original cataloging agency UKM
Language of cataloging eng
Transcribing agency UKM
Modifying agency IXA
-- DLC
042 ## - AUTHENTICATION CODE
Authentication code ukblsr
-- lccopycat
050 00 - LIBRARY OF CONGRESS CALL NUMBER
Classification number TA418.9.S62
Item number S46 2005
082 04 - DEWEY DECIMAL CLASSIFICATION NUMBER
Classification number 537.5
Item number SIN 2005
100 1# - MAIN ENTRY--PERSONAL NAME
Personal name Singh, Jasprit.
9 (RLIN) 8101
245 10 - TITLE STATEMENT
Title Smart electronic materials :
Remainder of title fundamentals and applications /
Statement of responsibility, etc. Jasprit Singh.
260 ## - PUBLICATION, DISTRIBUTION, ETC. (IMPRINT)
Place of publication, distribution, etc. Cambridge :
Name of publisher, distributor, etc. Cambridge University Press,
Date of publication, distribution, etc. 2005.
300 ## - PHYSICAL DESCRIPTION
Extent xxii, 408 p. :
Other physical details ill. ;
Dimensions 26 cm.
504 ## - BIBLIOGRAPHY, ETC. NOTE
Bibliography, etc Includes bibliographical references and index.
650 #0 - SUBJECT ADDED ENTRY--TOPICAL TERM
Topical term or geographic name as entry element Smart materials.
9 (RLIN) 8102
650 #0 - SUBJECT ADDED ENTRY--TOPICAL TERM
Topical term or geographic name as entry element Electronics
General subdivision Materials.
9 (RLIN) 8103
856 42 - ELECTRONIC LOCATION AND ACCESS
Materials specified Publisher description
Uniform Resource Identifier http://www.loc.gov/catdir/enhancements/fy0664/2006530758-d.html
856 41 - ELECTRONIC LOCATION AND ACCESS
Materials specified Table of contents only
Uniform Resource Identifier http://www.loc.gov/catdir/enhancements/fy0664/2006530758-t.html
856 42 - ELECTRONIC LOCATION AND ACCESS
Materials specified Contributor biographical information
Uniform Resource Identifier http://www.loc.gov/catdir/enhancements/fy0733/2006530758-b.html
906 ## - LOCAL DATA ELEMENT F, LDF (RLIN)
a 7
b cbc
c copycat
d 2
e ncip
f 20
g y-gencatlg
942 ## - ADDED ENTRY ELEMENTS (KOHA)
Source of classification or shelving scheme Dewey Decimal Classification
Koha item type Short Loan
Holdings
Withdrawn status Lost status Source of classification or shelving scheme Damaged status Not for loan Home library Current library Date acquired Inventory number Total Checkouts Full call number Barcode Date last seen Price effective from Koha item type Source of acquisition
    Dewey Decimal Classification     MUST Main Library MUST Main Library 19/04/2016 2011/33561   537.5 SIN 2005 2016-1053 19/04/2016 19/04/2016 Short Loan  
    Dewey Decimal Classification     MUST Main Library MUST Main Library 28/03/2017 11/33562   537.5 SIN 2005 2017-0674 28/03/2017 28/03/2017 Open Shelf  
    Dewey Decimal Classification     MUST Main Library MUST Main Library 02/03/2020 2011/33560   537.5 SIN 2005 2020-0608 02/03/2020 02/03/2020 Open Shelf Purchase
    Dewey Decimal Classification     MUST Main Library MUST Main Library 18/06/2024 11/33559   537.5 SIN 2005 2024-20799 18/06/2024 18/06/2024 Open Shelf Purchase
    Dewey Decimal Classification     MUST Main Library MUST Main Library 18/06/2024 11/33563   537.5 SIN 2005 2024-20800 18/06/2024 18/06/2024 Open Shelf Purchase